Statistics for All County Seats in California

Click here to take the quiz!

General Stats

  • This quiz has been taken 21 times
  • The average score is 32 of 58

Answer Stats

CountyCounty Seat% Correct
FresnoFresno
100%
Los AngelesLos Angeles
100%
RiversideRiverside
100%
SacramentoSacramento
100%
San BernardinoSan Bernardino
100%
San DiegoSan Diego
100%
San FranciscoSan Francisco
100%
Santa ClaraSan Jose
100%
San Luis ObispoSan Luis Obispo
100%
Santa BarbaraSanta Barbara
100%
Santa CruzSanta Cruz
100%
MercedMerced
93%
AlamedaOakland
93%
VenturaVentura
93%
KernBakersfield
87%
StanislausModesto
87%
NapaNapa
87%
San JoaquinStockton
87%
MaderaMadera
73%
ShastaRedding
73%
MontereySalinas
73%
SutterYuba City
73%
OrangeSanta Ana
67%
SonomaSanta Rosa
67%
Del NorteCrescent City
60%
HumboldtEureka
60%
San MateoRedwood City
60%
MarinSan Rafael
60%
ColusaColusa
53%
El DoradoPlacerville
53%
TulareVisalia
53%
MariposaMariposa
47%
SolanoFairfield
40%
InyoIndependence
40%
Contra CostaMartinez
40%
MendocinoUkiah
40%
SiskyouYreka
40%
ImperialEl Centro
33%
San BenitoHollister
33%
LassenSusanville
33%
NevadaNevada City
27%
TehamaRed Bluff
27%
PlacerAuburn
20%
MonoBridgeport
20%
KingsHanford
20%
LakeLakeport
20%
AlpineMarkleeville
20%
YubaMarysville
20%
ButteOroville
20%
YoloWoodland
20%
ModocAlturas
13%
AmadorJackson
13%
PlumasQuincy
13%
TuolomneSonora
13%
TrinityWeaverville
13%
SierraDownieville
7%
CalaverasSan Andreas
7%
GlennWillows
7%

Score Distribution

Percentile by Number Answered

Percent of People with Each Score

Your Score History

You have not taken this quiz